00407 2200169 4500001002100000005001500021008004100036035001900077041000700096082000800103090001400111100001500125245003900140260002500179300001900204650001400223INLIS00000000001305820241224114501241224||||||||| | ||| |||| || |  0010-1224013058 aid0 a311 a311 DAJ p0 aAnto Dajan00aPengantar Metode Statistik Jilid 1 aJakartabLP3ESc1981 a385hlm;15x23cm 0astatistik